[Event "Stay Safe Play From Home 212"]
[Site "T#646677Emanuel Laske"]
[Date "2020.06.09"]
[Round "8"]
[White "Emresenar"]
[Black "SoulofWolf"]
[Result "0-1"]
[WhiteElo "1823"]
[BlackElo "2148"]
[Annotator "TA"]
[PlyCount "98"]
[EventDate "2020.06.09"]
[EventType "swiss (blitz)"]

{[%evp 9,98,-3,23,0,18,-8,-4,-27,-7,-37,6,8,23,-19,0,-5,0,-10,0,0,12,17,26,14,22,-369,-380,-373,-358,-337,0,0,0,0,163,-189,-220,-220,-218,-225,-203,-402,-324,-515,-507,-525,-483,-526,-481,-505,-500,-494,-485,-671,-670,-671,-671,-671,-671,-664,-662,-645,-644,-616,-595,-29985,-913,-891,-883,-695,-322,-357,-250,-232,-214,-29976,-35,-29976,0,-29979,-29980,-29986,-29987,-29989,-29989,-29994,-29995,-29995,-29995,-29995,-29992]} 1. e4 e6 2. Nf3 c5 3. d4 a6 4. dxc5 Bxc5 5. Nc3 b5 6. Be2 {B40: Sicilian: 2...e6, Unusual lines.} Bb7 {[#]} 7. Bd3 $146 ({Predecessor:} 7. O-O d6 8. a4 b4 9. Na2 Bxe4 10. Ng5 Nf6 11. Nxe4 Nxe4 12. Bf3 d5 13. Bxe4 dxe4 {½-½ (57) Bjornsson,S (2284)-Vidarsson,J (2359) Reykjavik 2001}) 7... Ne7 8. O-O {The position is equal.} Ng6 9. Bg5 Qb6 10. a4 {[%cal Ra4b5]} b4 11. Ne2 (11. a5 {feels hotter.} Qc7 12. Na4 h6 13. Bd2 Qxa5 14. Nxc5 Qxc5 15. Be3) 11... O-O 12. Nf4 Nc6 13. Nxg6 $1 fxg6 14. Qe2 Rf7 15. Be3 Raf8 16. Bxc5 Qxc5 17. c3 $2 {[%mdl 8192]} (17. Qe3 $11 Qxe3 18. fxe3) 17... Rxf3 $19 18. gxf3 {Threatening Qe3.} Ne5 19. cxb4 Qe7 $2 (19... Qxb4 20. Rad1 $19) (19... Qd6 $19 20. f4 Rxf4) 20. f4 $1 $11 {[%cal Rf4e5]} ({Wrong is} 20. Bxa6 $2 Nxf3+ 21. Qxf3 (21. Kh1 $2 Qh4 $19 {[%mdl 64] Double Attack}) 21... Rxf3 $19) 20... Rxf4 {And now ...Nf3+ would win.} 21. f3 $1 Qg5+ $2 (21... Qxb4 $11 {and Black stays safe.} 22. Qe3 Nxd3 23. Qxd3 d5) 22. Qg2 $4 {[%mdl 8192]} (22. Kh1 $18 {was the only winning move.}) 22... Qxg2+ $19 {Black continues to play with concentration.} 23. Kxg2 {Strongly threatening Rad1.} Nxd3 24. Rad1 Ne5 ({Inferior is} 24... Nxb2 25. Rxd7 Bc6 26. Rd8+ Rf8 27. Rxf8+ Kxf8 {[#]} 28. b5 $1 $16 {[%mdl 512]}) 25. b3 $2 (25. h4 {was called for.}) 25... Bc6 26. a5 (26. h4 $142) 26... h5 27. Rf2 h4 28. h3 g5 29. Rdd2 Kf7 30. Rc2 Ke7 31. Rc5 Nd3 32. Rxg5 Nxf2 33. Kxf2 {[%mdl 4096] Endgame KRB-KR} Kf6 34. Rc5 Bxe4 35. Ke3 Rxf3+ {[%mdl 64] Double Attack} 36. Kxe4 Rxb3 {Hoping for ...d5+. KR-KR} 37. Rc4 Rxh3 (37... d5+ $142 38. Kd4 dxc4 39. b5 axb5 40. Ke4 Rxh3 41. a6 Ra3 42. Kf4 h3 43. a7 h2 44. a8=B Rxa8 45. Ke4 h1=Q+ 46. Kd4 Qd5+ 47. Kc3 Qe5+ 48. Kd2 Ra2+ 49. Kd1 Qa1#) 38. Kd4 d6 39. Rc6 Ke7 (39... Rb3 $142 40. Rxa6 h3) 40. Rxa6 Rb3 41. Kc4 Rb1 42. Kb5 $2 (42. Ra8 $19 d5+ 43. Kc5 Rc1+ 44. Kb6) 42... Rc1 $2 (42... h3 43. Ra7+ Kf6 44. Ra8 h2 45. Rf8+ Ke7 46. Rh8 h1=Q 47. Rxh1 Rxh1 48. Kc4 g5 49. Kd4 Rb1 50. Ke3 Rxb4 51. Ke2 Ra4 52. a6 Rxa6 53. Ke3 g4 54. Kf2 Ra2+ 55. Kf1 d5 56. Kg1 d4 57. Kh1 d3 58. Kg1 g3 59. Kh1 Re2 60. Kg1 d2 61. Kh1 d1=Q#) 43. Kb6 $2 {[%mdl 8192]} (43. Ra8 $15 e5 44. a6) 43... Kf6 $2 (43... h3 {mates} 44. Ra7+ Kf6 45. Ra8 h2 46. Rf8+ Ke5 47. Rh8 h1=Q 48. Rxh1 Rxh1 49. Kc7 g5 50. Kb7 g4 51. a6 Rh7+ 52. Kb6 g3 53. a7 Rh8 54. Kb7 g2 55. a8=Q Rxa8 56. Kxa8 d5 57. Kb8 Kd6 58. b5 g1=Q 59. Kb7 Qa1 60. Kb8 Qg7 61. Ka8 Kc7 62. b6+ Kc8 63. b7+ Qxb7#) 44. Ra7 $2 {[%mdl 8192]} (44. Ra8 $11 g5 45. Rh8) 44... h3 {Black mates.} 45. Kb7 h2 46. Kb6 {[#]} Rb1 $1 47. Rf7+ Kxf7 48. a6 Kf6 49. a7 Rxb4+ {Accuracy: White = 45%, Black = 68%.} 0-1

[Event "Stay Safe Play From Home 212"]
[Site "T#646677Emanuel Laske"]
[Date "2020.06.09"]
[Round "8"]
[White "Elkje"]
[Black "Edmatuag"]
[Result "0-1"]
[WhiteElo "1591"]
[BlackElo "1726"]
[Annotator "NA RC"]
[PlyCount "84"]
[EventDate "2020.06.09"]
[EventType "swiss (blitz)"]

1. d4 {[%emt 0:00:05]} d5 {[%emt 0:00:00]} 2. e3 {[%emt 0:00:01]} c6 {[%emt 0:00:00]} 3. Bd3 {[%emt 0:00:01]} Nf6 {[%emt 0:00:01]} 4. Nd2 {[%emt 0:00:01]} e6 {[%emt 0:00:00]} 5. f4 {[%emt 0:00:01]} Bd6 {[%emt 0:00:00]} 6. Ngf3 {[%emt 0:00:01]} Bd7 {[%emt 0:00:01]} 7. c3 {[%emt 0:00:01]} Na6 {[%emt 0:00:00]} 8. Bxa6 {[%emt 0:00:02]} bxa6 {[%emt 0:00:00]} 9. Qe2 {[%emt 0:00:01]} c5 {[%emt 0:00:01]} 10. Qxa6 {[%emt 0:00:02]} Qb6 {[%emt 0:00:03]} 11. Qd3 {[%emt 0:00:02]} O-O {[%emt 0:00:03]} 12. O-O {[%emt 0:00:01]} Bb5 {[%emt 0:00:01]} 13. dxc5 {[%emt 0:00:03]} Bxd3 {[%emt 0:00:04]} 14. cxb6 {[%emt 0:00:02]} Bxf1 {[%emt 0:00:00]} 15. b7 {[%emt 0:00:05]} Rab8 {[%emt 0:00:02]} 16. Nxf1 {[%emt 0:00:02]} Rxb7 {[%emt 0:00:00]} 17. b3 {[%emt 0:00:02]} Ne4 {[%emt 0:00:00]} 18. Nd4 {[%emt 0:00:02]} e5 {[%emt 0:00:02]} 19. fxe5 {[%emt 0:00:02]} Bxe5 {[%emt 0:00:00]} 20. Nc6 {[%emt 0:00:01]} Bxc3 {[%emt 0:00:01]} 21. Rb1 {[%emt 0:00:01]} Rc8 {[%emt 0:00:02]} 22. Nd4 {[%emt 0:00:04]} Bxd4 {[%emt 0:00:01]} 23. exd4 {[%emt 0:00:00]} Nc3 {[%emt 0:00:01]} 24. Ra1 {[%emt 0:00:02]} Ne2+ {[%emt 0:00:01]} 25. Kf2 {[%emt 0:00:01]} Rxc1 {[%emt 0:00:01]} 26. Rxc1 {[%emt 0:00:01]} Nxc1 {[%emt 0:00:00]} 27. Ne3 {[%emt 0:00:01]} Nxa2 {[%emt 0:00:00]} 28. Nxd5 {[%emt 0:00:01]} Rxb3 {[%emt 0:00:01]} 29. Ke2 {[%emt 0:00:01]} Rb2+ {[%emt 0:00:01]} 30. Kd3 {[%emt 0:00:01]} Rxg2 {[%emt 0:00:02]} 31. Ne7+ {[%emt 0:00:00]} Kf8 {[%emt 0:00:02]} 32. Nc6 {[%emt 0:00:00]} Rxh2 {[%emt 0:00:01]} 33. Nxa7 {[%emt 0:00:00]} g5 {[%emt 0:00:01]} 34. Kc4 {[%emt 0:00:00]} g4 {[%emt 0:00:01]} 35. d5 {[%emt 0:00:00]} g3 {[%emt 0:00:01]} 36. d6 {[%emt 0:00:00]} Rd2 {[%emt 0:00:01]} 37. Nc6 {[%emt 0:00:01]} Rxd6 {[%emt 0:00:01]} 38. Kc5 {[%emt 0:00:01]} Rd1 {[%emt 0:00:00]} 39. Nb8 {[%emt 0:00:02]} g2 {[%emt 0:00:00]} 40. Kb6 {[%emt 0:00:01]} g1=Q+ {[%emt 0:00:00]} 41. Kc7 {[%emt 0:00:00]} Qc5+ {[%emt 0:00:02]} 42. Kb7 {[%emt 0:00:03]} Rb1+ {[%emt 0:00:00] Zeit (Lag: Av=0.39s, max=0.7s)} 0-1

[Event "Stay Safe Play From Home 212"]
[Site "T#646677Emanuel Laske"]
[Date "2020.06.09"]
[Round "9"]
[White "Broken sword"]
[Black "Castlingarrocco"]
[Result "1-0"]
[WhiteElo "2467"]
[BlackElo "2036"]
[Annotator "TA"]
[PlyCount "73"]
[EventDate "2020.06.09"]
[EventType "swiss (blitz)"]

{[%evp 9,73,64,72,37,65,33,125,124,126,115,123,76,69,65,66,35,69,70,84,82,77,77,86,82,108,56,91,43,139,21,146,116,181,86,162,66,116,61,112,119,110,109,114,79,162,164,270,184,307,300,440,468,465,470,460,445,666,685,675,568,706,729,725,708,2545,2492]} 1. e4 Nc6 2. d4 e5 3. d5 Nce7 4. Be3 Ng6 5. f3 Nf6 6. Nd2 {B00: Queen's Fianchetto Defence, Nimzowitsch Defence.} Bb4 {[#]} 7. c3 $146 ({Predecessor:} 7. Ne2 Nh5 8. g3 O-O 9. Bg2 Qe7 10. Nc1 Bc5 11. Bxc5 Qxc5 12. Nd3 Qe3+ 13. Qe2 Qxe2+ 14. Kxe2 {1-0 (43) Newrkla,K (2182)-Kordzadze,N (1913) Graz 2017}) 7... Ba5 (7... Be7 $14) 8. Nc4 $16 {White is better.} Bb6 9. Nxb6 axb6 10. Bd3 d6 11. Ne2 O-O 12. a3 h6 13. O-O Nh7 14. Qc2 Nf6 15. c4 Bd7 16. b4 Qe7 17. c5 (17. a4 $16) 17... Rfc8 18. Rfc1 Nf8 ({Better is} 18... bxc5 $14 19. bxc5 c6) 19. Qc3 (19. cxb6 $16 cxb6 20. Qb2) 19... g5 (19... bxc5 $11 {remains equal.} 20. bxc5 dxc5) 20. Qd2 Ng6 (20... bxc5 $16 {was necessary.} 21. bxc5 c6) 21. g3 (21. cxb6 $18 {has better winning chances.} c6 22. dxc6 Rxc6 23. Rxc6 Bxc6 24. Ng3) 21... Nh7 (21... bxc5 $16 {keeps fighting.} 22. bxc5 g4) 22. Kg2 (22. cxb6 $18 cxb6 23. Nc3 (23. Bxb6 g4 $16)) 22... Qf6 23. Ng1 (23. cxb6 $16 Bh3+ 24. Kf2 (24. Kxh3 {gets mated.} Qxf3 25. Bxg5 Nxg5+ 26. Qxg5 hxg5 27. bxc7 g4#) 24... cxb6 25. Ng1 (25. Bxb6 g4 $14)) 23... Qg7 (23... dxc5 $14 24. bxc5 bxc5) 24. cxb6 cxb6 25. Rxc8+ Rxc8 26. Bxb6 h5 (26... g4 $16) 27. Rc1 $18 Rf8 (27... g4 $142 28. Rxc8+ Bxc8 29. fxg4 Bxg4) 28. Bc7 f5 (28... Qf6 $142 29. Bb6 Ra8) 29. Bxd6 Rf7 (29... Rf6 $142 30. exf5 Nf4+ 31. gxf4 gxf4+ 32. Kh1 Rxd6) 30. exf5 {White is clearly winning.} Bxf5 31. Bxf5 Rxf5 32. Qd3 Qf7 (32... Rf7 $142 33. Rc8+ Nhf8 34. Bxf8 Rxf8) 33. Rc7 Qf6 34. Rc8+ Nhf8 35. Bxf8 Nxf8 36. d6 {[#] And now d7 would win.} Qe6 37. d7 {Accuracy: White = 48%, Black = 17%.} 1-0

[Event "Stay Safe Play From Home 212"]
[Site "T#646677Emanuel Laske"]
[Date "2020.06.09"]
[Round "9"]
[White "Lamborghini"]
[Black "Mepe_Nika"]
[Result "0-1"]
[WhiteElo "2165"]
[BlackElo "2345"]
[Annotator "TA"]
[PlyCount "104"]
[EventDate "2020.06.09"]
[EventType "swiss (blitz)"]

{[%evp 16,104,22,16,63,40,47,40,48,37,38,38,35,38,42,-14,12,-87,-30,-45,50,-4,45,77,76,-58,-40,-128,-131,-147,-144,-162,-162,-228,-38,-17,11,11,147,6,23,18,355,327,327,0,5,0,128,0,117,192,257,41,886,-918,-828,-6041,-899,-1687,-883,-928,-319,-781,-549,-688,-677,-747,-714,-2088,-2083,-1345,-1271,-2232,-1993,-1440,-1192,-6552,-1899,-1892,-1810,-1708,-1447,-6125,-5963,-6069,-5808,-29988,-29983,-29983,-29984]} 1. e4 e5 2. Nf3 Nc6 3. Bb5 a6 4. Ba4 Nf6 5. O-O Be7 6. Re1 b5 7. Bb3 O-O 8. a4 b4 9. c3 a5 {C88: Closed Ruy Lopez: Anti-Marshall Systems.} 10. h3 Re8 11. d4 d6 $1 {[#] White is slightly better.} 12. d5 $146 ({Predecessor:} 12. dxe5 Nxe5 13. Nbd2 Nd3 14. Re3 Nc5 15. Bc4 Bb7 16. Qe2 Bf8 17. Ng5 Re7 18. e5 Nd5 19. Qh5 h6 20. exd6 Qxd6 21. Nde4 Nxe4 22. Nxe4 Qc6 23. Bxd5 Qxd5 24. Nf6+ gxf6 25. Rg3+ Kh7 26. Qg4 {1-0 (26) Hujvan,L-Zelei,I (1902) Hungary 2007}) 12... Nb8 13. cxb4 axb4 14. Bd2 Na6 15. Re2 (15. Qc2 $14) 15... h6 16. Qe1 (16. Qc2 $11) 16... Rb8 (16... Bd7 $1 $17) 17. Bc4 $1 $11 Nc5 (17... Qd7 $1 $15) 18. b3 (18. Bxb4 $14 Ncxe4 19. a5) 18... Rf8 (18... Ba6 {seems wilder.} 19. Bxa6 Nxa6 20. Ra2 c6 21. dxc6 Qc7) 19. Bxb4 Ncxe4 {[%mdl 64] Deflection} 20. Rxe4 (20. a5 $16) 20... Nxe4 $15 21. Qxe4 (21. Nxe5 $1 $15 Bd7 22. Nxd7 Qxd7 23. Qxe4 Rxb4 24. Na3) 21... Rxb4 $17 22. Nc3 f5 23. Qe1 Bf6 $1 24. Nb5 {[#]} (24. Qd2 $142) 24... Rxc4 $2 (24... Rxb5 $1 $19 {[%mdl 512]} 25. Bxb5 (25. axb5 e4) 25... e4 {[%mdl 64] Discovered Attack}) 25. bxc4 $15 e4 26. Nfd4 Kh7 {[#]} (26... Bxd4 $11 27. Nxd4 Qf6) 27. Rd1 ({White should play} 27. a5 $1 $16) 27... Re8 28. a5 {[%cal Ba4a5,Ba5a6,Ba6a7][%mdl 32]} f4 $2 {[%mdl 8192] [#]} (28... Bxd4 $11 {and Black has nothing to worry.} 29. Rxd4 (29. Nxd4 Qf6 $11) 29... Qd7) 29. Ne6 $1 $18 {[%mdl 512]} Bxe6 30. dxe6 $2 ({White must play} 30. Qxe4+ $18 Kg8 31. dxe6) 30... Rxe6 31. a6 {Strongly threatening a7.} d5 (31... Bh4 $11 32. a7 e3) 32. Rxd5 (32. a7 $16 Ra6 33. cxd5 (33. Rxd5 Qe7 $11)) 32... Qc8 (32... Qe7 $1 $11 {keeps the balance.}) 33. a7 $16 c6 {[#]} 34. Rc5 $2 ({White should try} 34. Nc7 $1 $18 {[%mdl 512]} cxd5 (34... Qxc7 35. Ra5) 35. Nxe6) 34... Qa8 $2 {[%mdl 8192]} (34... e3 $14 35. Nc7 Qxc7) 35. Nd4 $4 {[%mdl 8192]} (35. Nc7 $18 Qxa7 36. Nxe6) 35... Bxd4 $19 {White is now going downhill.} 36. Rf5 Qxa7 37. Rxf4 Qc5 38. g3 Bf6 $2 (38... Qxc4 39. h4 c5) 39. Kg2 $2 (39. Rxe4 Rd6 40. Re6) 39... e3 {Hoping for ...e2.} 40. fxe3 Qxe3 41. Qxe3 Rxe3 {[%mdl 4096] Endgame KRB-KR} 42. g4 Re2+ 43. Kf3 Rc2 44. Rf5 Rc3+ 45. Kg2 Rxc4 46. h4 Rc2+ 47. Kf3 Rc3+ 48. Ke4 Rc4+ 49. Kd3 Rxg4 50. Rf1 Rxh4 51. Rxf6 Rd4+ 52. Ke3 gxf6 {Accuracy: White = 31%, Black = 40%.} 0-1

[Event "Stay Safe Play From Home 212"]
[Site "T#646677Emanuel Laske"]
[Date "2020.06.09"]
[Round "9"]
[White "SoulofWolf"]
[Black "Lazieri3"]
[Result "1-0"]
[WhiteElo "2153"]
[BlackElo "2032"]
[Annotator "TA"]
[PlyCount "69"]
[EventDate "2020.06.09"]
[EventType "swiss (blitz)"]

{[%evp 9,68,-80,-71,-73,-80,-69,-67,-58,-57,-64,-57,-37,-45,-81,-77,-208,-51,-206,4,-159,0,-40,134,10,6,-46,-47,-58,-50,-167,-164,-254,-183,-237,-160,-245,-245,-244,-243,-261,-269,-266,-233,-284,-174,-274,-283,-715,-454,-453,-439,-518,-485,-719,-476,-467,-477,-473,-472,-435,29999]} 1. c4 c5 2. Nc3 Nc6 3. d4 {[#]} Nxd4 $146 ({Predecessor:} 3... cxd4 4. Nb5 e5 5. Nf3 a6 6. Qa4 Rb8 7. Na3 Bb4+ 8. Bd2 Bxd2+ 9. Nxd2 Qe7 10. Nc2 Nf6 {0-1 (35) Utmann,P (1414)-Van Dam,H (1527) Germany 2018}) 4. e3 Nc6 5. Nf3 d6 6. Be2 {A35: Symmetrical English: 2 Nc3 Nc6 3 Nf3.} Nf6 7. O-O Bf5 8. Nh4 {Black is slightly better.} Be6 9. b3 g6 10. Bb2 Bg7 11. Nd5 O-O 12. a3 (12. Nxf6+ $17 Bxf6 13. Bxf6 exf6 14. Rb1) 12... Qd7 $2 (12... Nxd5 $1 $19 13. Bxg7 Nxe3 14. fxe3 Kxg7) 13. h3 $2 {[#]} (13. Rb1 $15) 13... Ne5 $2 (13... Nxd5 $1 $19 14. Bxg7 Nxe3 15. fxe3 Kxg7) 14. Qc2 $2 (14. f4 $11) 14... Rfe8 $2 (14... Bxd5 $17 15. cxd5 Nxd5) 15. Rad1 (15. f4 $5 {[%cal Rf4e5]} Nc6 16. Rad1 $11) 15... Bf5 $2 (15... Bxd5 $15 {stays ahead.} 16. cxd5 e6) 16. Nxf6+ (16. Nxf5 $16 Qxf5 17. Qxf5 gxf5 18. Bxe5 (18. Nc7 Ne4 $16) 18... dxe5 19. Nc7 {[%mdl 64] Double Attack}) 16... Bxf6 $11 17. e4 ({White should play} 17. Nxf5 $11 Qxf5 18. Qxf5 gxf5 19. f4) 17... Bxh4 $15 18. exf5 Qxf5 19. Qc3 {[#]} (19. Qd2 $15 Qc8 20. f4) 19... Bf6 $1 $19 20. g4 (20. Qg3 $142) 20... Qd7 21. Qd2 (21. Qg3 {keeps fighting.} Nf3+ {[%mdl 64] Discovered Attack} 22. Bxf3 Bxb2 23. Be4) 21... Bg7 22. Qc1 (22. b4 $17 {is the only way for White.}) 22... Nc6 23. Bf3 Bxb2 24. Qxb2 Nd4 25. Bg2 e5 26. Rfe1 e4 27. b4 (27. Bxe4 {was worth a try.} Re5 28. Bd5) 27... f5 28. f3 $2 (28. Qc3) 28... Nxf3+ 29. Bxf3 exf3 30. Rf1 Re2 31. Rd2 (31. Qf6 $142 fxg4 32. Qxd6 Qxd6 33. Rxd6) 31... fxg4 32. Rxe2 fxe2 33. Qxe2 gxh3 34. Qf3 Rf8 $4 {[%mdl 8192]} (34... Re8 $19 35. Kh2 b6) 35. Qxf8# {What a fight! Accuracy: White = 18%, Black = 41%.} 1-0

[Event "Stay Safe Play From Home 212"]
[Site "T#646677Emanuel Laske"]
[Date "2020.06.09"]
[Round "9"]
[White "Edmatuag"]
[Black "Emresenar"]
[Result "1-0"]
[WhiteElo "1737"]
[BlackElo "1818"]
[Annotator "NA RC"]
[PlyCount "75"]
[EventDate "2020.06.09"]
[EventType "swiss (blitz)"]

1. e3 {[%emt 0:00:01]} b6 {[%emt 0:00:00]} 2. f4 {[%emt 0:00:00]} Bb7 {[%emt 0:00:00]} 3. Nf3 {[%emt 0:00:00]} e6 {[%emt 0:00:01]} 4. g3 {[%emt 0:00:01]} Nf6 {[%emt 0:00:01]} 5. Bg2 {[%emt 0:00:01]} Be7 {[%emt 0:00:01]} 6. d4 {[%emt 0:00:01]} O-O {[%emt 0:00:00]} 7. b3 {[%emt 0:00:01]} c5 {[%emt 0:00:00]} 8. Bb2 {[%emt 0:00:01]} Nc6 {[%emt 0:00:01]} 9. d5 {[%emt 0:00:01]} Nxd5 {[%emt 0:00:01]} 10. Qe2 {[%emt 0:00:03]} Ncb4 {[%emt 0:00:04]} 11. Nc3 {[%emt 0:00:03]} Nxe3 {[%emt 0:00:01]} 12. Rc1 {[%emt 0:00:05]} Ned5 {[%emt 0:00:09]} 13. a3 {[%emt 0:00:03]} Nxc3 {[%emt 0:00:04]} 14. Bxc3 {[%emt 0:00:01]} Nd5 {[%emt 0:00:01]} 15. Bb2 {[%emt 0:00:02]} a5 {[%emt 0:00:00]} 16. Ne5 {[%emt 0:00:03]} Ba6 {[%emt 0:00:02]} 17. c4 {[%emt 0:00:01]} Nc7 {[%emt 0:00:04]} 18. O-O {[%emt 0:00:01]} d6 {[%emt 0:00:04]} 19. Rfd1 {[%emt 0:00:02]} Rc8 {[%emt 0:00:03]} 20. Nc6 {[%emt 0:00:03]} Qd7 {[%emt 0:00:01]} 21. Nxe7+ {[%emt 0:00:01]} Qxe7 {[%emt 0:00:00]} 22. Qf3 {[%emt 0:00:02]} d5 {[%emt 0:00:03]} 23. cxd5 {[%emt 0:00:05]} exd5 {[%emt 0:00:00]} 24. Re1 {[%emt 0:00:01]} Qd7 {[%emt 0:00:01]} 25. Qh5 {[%emt 0:00:02]} g6 {[%emt 0:00:01]} 26. Qh6 {[%emt 0:00:01]} f6 {[%emt 0:00:01]} 27. Bh3 {[%emt 0:00:01]} Qg7 {[%emt 0:00:01]} 28. Qxg7+ {[%emt 0:00:01]} Kxg7 {[%emt 0:00:00]} 29. Bxc8 {[%emt 0:00:00]} Rxc8 {[%emt 0:00:00]} 30. Re7+ {[%emt 0:00:01]} Kf8 {[%emt 0:00:02]} 31. Rce1 {[%emt 0:00:00]} d4 {[%emt 0:00:03]} 32. Rxh7 {[%emt 0:00:01]} Kg8 {[%emt 0:00:02]} 33. Ree7 {[%emt 0:00:01]} Nd5 {[%emt 0:00:02]} 34. Reg7+ {[%emt 0:00:02]} Kf8 {[%emt 0:00:00]} 35. Ra7 {[%emt 0:00:01]} Kg8 {[%emt 0:00:01]} 36. Rhg7+ {[%emt 0:00:01]} Kh8 {[%emt 0:00:01]} 37. Rgd7 {[%emt 0:00:01]} Kg8 {[%emt 0:00:01]} 38. Rxd5 {[%emt 0:00:01] Zaman (Lag: Av=0.73s, max=1.1s)} 1-0

[Event "Stay Safe Play From Home 212"]
[Site "T#646677Emanuel Laske"]
[Date "2020.06.09"]
[Round "9"]
[White "Elkje"]
[Black "little champs"]
[Result "0-1"]
[WhiteElo "1580"]
[BlackElo "2277"]
[Annotator "TA"]
[PlyCount "79"]
[EventDate "2020.06.09"]
[EventType "swiss (blitz)"]

{[%evp 9,79,0,14,8,16,15,37,13,35,28,47,31,40,35,237,-127,-127,-121,-124,-138,-139,-132,-122,-126,-108,-102,-102,-294,-156,-194,-104,-138,-72,-285,-266,-283,-285,-372,-323,-335,-329,-407,-370,-732,-716,-1141,-1105,-29975,-29976,-29968,-29966,-29969,-2593,-29970,-29971,-7333,-6315,-2943,-1860,-29980,-29981,-2652,-1410,-1339,-1320,-29986,-29987,-29987,-29988,-29988,-29989,-29991]} 1. d4 c6 2. e3 d5 3. Bd3 Nf6 4. Nd2 g6 5. f4 Bg7 6. Ngf3 {D00: 1 d4 d5: Unusual lines.} O-O 7. c3 Bg4 8. Qe2 {[#] White is slightly better.} Bxf3 $146 ({Predecessor:} 8... Qc8 9. O-O Bf5 10. Ne5 Bxd3 11. Nxd3 Qg4 12. Rf3 Ne4 13. Nf2 Nxf2 14. Qxf2 Qf5 {0-1 (46) Stock,J (1927)-Rutsatz,M (1997) Frankfurt 2018}) 9. Qxf3 Nbd7 {[%cal Bb8d7,Bd7e5,Be5d3][%mdl 32]} 10. O-O Ne8 11. e4 f6 $2 (11... dxe4 $1 $14 12. Nxe4 e6) 12. e5 $2 ({But not} 12. exd5 c5) (12. f5 $18) 12... fxe5 $17 13. dxe5 {[#]} Nxe5 $1 {[%mdl 512]} 14. Qh3 (14. fxe5 Rxf3) 14... Nxd3 15. Qxd3 Nf6 16. Nf3 Ne4 17. Be3 Qd6 18. b4 $2 (18. Rad1 $17) 18... Rf7 (18... Bxc3 $19 19. Rab1 Bxb4) 19. Rac1 {[#]} b6 ({Better is} 19... a5 $1 $19 20. b5 cxb5) 20. a4 Raf8 ({Black should play} 20... e6 21. Nd2 Nxd2 22. Qxd2 c5 23. bxc5 bxc5) 21. Bd4 $2 (21. c4 $17) 21... Rxf4 $19 22. Bxg7 Kxg7 23. b5 c5 24. c4 d4 25. Rce1 Nf6 26. Ne5 $2 (26. h3) 26... Rxf1+ {[%mdl 64] Overworked Piece} 27. Rxf1 Qxe5 28. Qg3 Qxg3 29. hxg3 {[%mdl 4096] Endgame KRN-KR} Rd8 30. Re1 Kf7 (30... d3 $142 31. Rxe7+ Kh6 32. Re1 d2 33. Ra1 d1=Q+ 34. Rxd1 Rxd1+ 35. Kf2 Rc1 36. Ke2 Rxc4 37. a5 bxa5 38. Ke3 a4 39. Kd3 Rb4 40. g4 a3 41. b6 a2 42. g5+ Kxg5 43. g3 a1=Q 44. Kd2 Rb3 45. bxa7 Qa2+ 46. Ke1 Rb1#) 31. Rd1 d3 32. Kf2 d2 33. Ke3 Ng4+ 34. Kf4 h5 35. Kf3 Rd3+ 36. Ke2 Rxg3 37. Rxd2 Rxg2+ {Black mates.} 38. Kd3 Rxd2+ 39. Kxd2 h4 40. Kd3 {Accuracy: White = 35%, Black = 61%.} 0-1